Marco global para la formulación de políticas para el control y fiscalización de la contaminación industrial y urbana en América Latina : Elementos para la discusión /

Bibliographic Details
Corporate Author: CEPAL
Format: Libro
Language:Spanish
Published: Santiago, Chile CEPAL/PNUMA 1991
Subjects:

MARC

LEADER 00000cam a2200000 a 4500
001 027843
003 UAHC_CL
005 20170803122843.0
008 050809b1991 sp j 000 1 spa
040 |a UAHC_CL  |c UAHC_CL  |d UAHC_CL 
245 1 0 |a Marco global para la formulación de políticas para el control y fiscalización de la contaminación industrial y urbana en América Latina :  |b Elementos para la discusión /  |c Comisión Económica para América Latina y el Caribe. 
260 |b CEPAL/PNUMA  |c 1991  |a Santiago, Chile 
300 |a 36 p. 
500 |a Seminario regional sobre "Políticas para la gestión de los residuos urbanos e industriales", organizado por la Comisión Económica para América Latina y el Caribe (CEPAL), en el marco del proyecto "Políticas para la gestión ambientalmente adecuada de residuos", que realiza con el apoyo de la Deutsche Gesellschaft für Technische Zusammenarbeit (GTZ) de la República Federal de Alemania. 
650 4 |a ECOLOGIA  |x ASPECTOS AMBIENTALES 
653 |a INGENIERIA DE EJECUCION EN GESTION AMBIENTAL 
710 1 |a CEPAL 
900 |a CEPAL 028-2104 
942 |c BK 
952 |0 0  |1 0  |4 0  |6 CEPAL_0282104  |7 0  |8 General  |9 55315  |a BC  |b BC  |c General  |d 2017-08-03  |l 0  |o CEPAL 028-2104  |p 1349570  |r 2019-12-02 00:00:00  |t 1  |w 2017-08-03  |y BK 
999 |c 27843  |d 27843